01092nam a2200301Ia 4500001000700000008004100007020001800048035001600066041000800082084001300090245023100103260003600334300002200370490003000392650002100422650002200443650002600465650001400491650002400505650002500529650002400554650003500578650001300613700004300626700003700669710004600706710003800752037662221003s2007 xx 000 0 spa d a958-601-755-9 aCENDO_27910 aspa aCD-12453 0aContra viento y marea :bconclusiones y recomendaciones de la ONU y la OEA para garantizar la vigencia de los derechos humanos en Colombia :b1980-1997 /ccoordinadores, Néstor Oswaldo Arias Ávila, Arturo Carrillo Suárez aBogotá :bTercer Mundo,c1997 a245 p. ;c 24 cm aSociología y Política aDERECHOS HUMANOS aIGUALDAD DE TRATO 0aDISCRIMINACION RACIAL 0aVIOLENCIA aDERECHOS DEL NIÑO aDERECHOS DE LA MUJER aDERECHOS CULTURALES aDERECHOS ECONOMICOS Y SOCIALES aCOLOMBIA aARIAS AVILA, Néstor Osvaldo,ecoord. aCARRILLO SUAREZ, Arturo,ecoord. aCOMISION COLOMBIANA DE JURISTAScBogotá aCOLOMBIAbDefensoría del Pueblo